Top 6 Public Companies in the World - Statistics

General Stats
  • This quiz has been taken 25 times
  • The average score is 4 of 6
Answer Stats
Rank Company Ticker Market Cap Country % Correct
5 Amazon AMZN $2.550T USA
100%
3 Apple AAPL $3.960T USA
86%
4 Microsoft MSFT $3.053T USA
86%
1 NVIDIA NVDA $4.390T USA
86%
2 Alphabet (Google) GOOG $4.112T USA
5%
6 Meta Platforms (Facebook) META $1.749T USA
0%
No matching quizzes found
Score Distribution
Percent of People with Each Score
Percentile by Number Answered
Your Score History
You have not taken this quiz